[Event "Malakhatko Memorial op"]
[Site "Chess.com INT"]
[Date "2023.06.14"]
[Round "10"]
[White "Olshtynsky, Oleksiy"]
[Black "Muchychca, Sergey"]
[Result "1-0"]
[WhiteElo "1425"]
[BlackElo "1773"]
[PlyCount "149"]
[EventDate "2023.06.14"]
[EventType "swiss (blitz)"]
[EventRounds "11"]
[EventCountry "USA"]
[SourceTitle "CBM 214 Extra"]
[Source "ChessBase"]
[SourceDate "2023.07.31"]
[SourceVersion "1"]
[SourceVersionDate "2023.07.31"]
[SourceQuality "1"]

1. e4 e6 2. d4 d5 3. Nc3 Nf6 4. Bg5 Be7 5. e5 Nfd7 6. Bxe7 Qxe7 7. f4 0-0 8. Nf3 c5 9. Qd2 Nc6 10. dxc5 Nxc5 11. Bd3 f6 12. exf6 Qxf6 13. g3 Bd7 14. 0-0 Rae8 15. Rae1 a6 16. a3 b5 17. Ng5 h6 18. Nf3 Bc8 19. Ne5 Nxe5 20. Rxe5 Nd7 21. Ree1 Nc5 22. Qe2 Kh8 23. Qe5 Nd7 24. Qxf6 gxf6 25. f5 e5 26. Nxd5 Nc5 27. Re3 Rd8 28. Nc3 Bb7 29. Kf2 Nxd3+ 30. Rxd3 Rxd3 31. cxd3 Rd8 32. Ke3 h5 33. Ne2 h4 34. gxh4 Kg7 35. Rc1 Rd7 36. Ng3 Kh6 37. Ne4 Kg7 38. Nc5 Re7 39. Ne6+ Kh6 40. d4 Bd5 41. dxe5 Bxe6 42. exf6 Re8 43. fxe6 Rxe6+ 44. Kd4 Rxf6 45. Rc2 Kh5 46. Kc5 Kxh4 47. Kb4 Kh3 48. Ka5 Rd6 49. Re2 Rh6 50. Re8 Kg4 51. Re2 Kf3 52. Rc2 Ke3 53. Kb4 Kd3 54. Rg2 Rh4+ 55. Kc5 Rh5+ 56. Kd6 a5 57. Ke6 Ke4 58. Kf6 Rh3 59. Kg5 Kf3 60. Rg3+ Rxg3+ 61. hxg3 Kxg3 62. Kf5 Kf3 63. Ke5 b4 64. axb4 axb4 65. Kd4 Kf4 66. Kc4 Ke5 67. Kxb4 Kd6 68. Kb5 Kc7 69. Kc5 Kb7 70. Kb5 Kb8 71. Kb6 Ka8 72. b4 Kb8 73. b5 Ka8 74. Kc7 Ka7 75. b6+ 1-0

[Event "Malakhatko Memorial op"]
[Site "Chess.com INT"]
[Date "2023.06.14"]
[Round "5"]
[White "Olshtynsky, Oleksiy"]
[Black "Nikitin, Bogdan"]
[Result "0-1"]
[WhiteElo "1425"]
[BlackElo "1912"]
[PlyCount "38"]
[EventDate "2023.06.14"]
[EventType "swiss (blitz)"]
[EventRounds "11"]
[EventCountry "USA"]
[SourceTitle "CBM 214 Extra"]
[Source "ChessBase"]
[SourceDate "2023.07.31"]
[SourceVersion "1"]
[SourceVersionDate "2023.07.31"]
[SourceQuality "1"]

1. e4 e6 2. d4 d5 3. Nc3 Bb4 4. e5 c5 5. a3 Bxc3+ 6. bxc3 Ne7 7. Qg4 0-0 8. Ne2 f5 9. exf6 Rxf6 10. Bg5 Rf7 11. Qh4 Nbc6 12. g3 Qa5 13. Bd2 Qa4 14. Ra2 Nf5 15. Qg5 cxd4 16. cxd4 Ncxd4 17. Nxd4 Nxd4 18. Bg2 Qc4 19. Qd8+ Rf8 0-1

[Event "Malakhatko Memorial op"]
[Site "Chess.com INT"]
[Date "2023.06.14"]
[Round "2"]
[White "Vlassov, Nikolai"]
[Black "Olshtynsky, Oleksiy"]
[Result "1-0"]
[WhiteElo "2283"]
[BlackElo "1425"]
[PlyCount "31"]
[EventDate "2023.06.14"]
[EventType "swiss (blitz)"]
[EventRounds "11"]
[EventCountry "USA"]
[SourceTitle "CBM 214 Extra"]
[Source "ChessBase"]
[SourceDate "2023.07.31"]
[SourceVersion "1"]
[SourceVersionDate "2023.07.31"]
[SourceQuality "1"]

1. e4 c5 2. c3 Nf6 3. e5 Nd5 4. d4 cxd4 5. cxd4 e6 6. Nc3 Nxc3 7. bxc3 d6 8. f4 Nc6 9. Nf3 Be7 10. Bd3 0-0 11. h4 dxe5 12. Bxh7+ Kxh7 13. Ng5+ Kg6 14. fxe5 Rh8 15. h5+ Kh6 16. Nxf7+ 1-0

[Event "Kiev Spring op"]
[Site "Kiev"]
[Date "2021.07.16"]
[Round "8"]
[White "Olshtynsky, Oleksiy"]
[Black "Torba, Semen"]
[Result "0-1"]
[WhiteElo "1472"]
[BlackElo "1064"]
[PlyCount "112"]
[EventDate "2021.07.10"]
[EventType "swiss"]
[EventRounds "9"]
[EventCountry "UKR"]
[SourceTitle "EXT 2024"]
[Source "ChessBase"]
[SourceDate "2023.10.10"]
[SourceVersion "1"]
[SourceVersionDate "2023.10.10"]
[SourceQuality "1"]

1. e4 c5 2. Nf3 d6 3. d4 cxd4 4. Nxd4 Nf6 5. Nc3 g6 6. f3 Bg7 7. Be3 0-0 8. Qd2 Nc6 9. 0-0-0 Nxd4 10. Bxd4 Be6 11. Kb1 Qc7 12. g4 Rfc8 13. h4 Qa5 14. Bxf6 Bxf6 15. Nd5 Qxd2 16. Nxf6+ Kg7 17. Ne8+ Rxe8 18. Rxd2 Rec8 19. Bd3 Rc7 20. Rg1 Bc4 21. g5 Bxd3 22. Rxd3 Rac8 23. c3 Rc5 24. Rgd1 h6 25. Rd5 hxg5 26. hxg5 Rxd5 27. Rxd5 Rh8 28. e5 dxe5 29. Rd7 Rh5 30. Rxb7 Rxg5 31. Rxa7 e6 32. b4 Rf5 33. Rc7 Rxf3 34. b5 e4 35. b6 e3 36. Kc2 Rf2+ 37. Kd3 Rb2 38. Kxe3 Rxb6 39. Ra7 Rc6 40. Kd3 e5 41. a4 g5 42. a5 g4 43. Ra8 g3 44. Ke2 Rxc3 45. a6 Rc2+ 46. Kf1 Ra2 47. a7 f6 48. Kg1 f5 49. Re8 Rxa7 50. Rxe5 f4 51. Kg2 Ra2+ 52. Kf3 Rf2+ 53. Kg4 g2 54. Kh3 g1R 55. Ra5 Rg3+ 56. Kh4 Rh2# 0-1

[Event "Kiev Spring op"]
[Site "Kiev"]
[Date "2021.07.14"]
[Round "6"]
[White "Olshtynsky, Oleksiy"]
[Black "Legenia, Artem"]
[Result "0-1"]
[WhiteElo "1472"]
[BlackElo "2144"]
[PlyCount "134"]
[EventDate "2021.07.10"]
[EventType "swiss"]
[EventRounds "9"]
[EventCountry "UKR"]
[SourceTitle "EXT 2024"]
[Source "ChessBase"]
[SourceDate "2023.10.10"]
[SourceVersion "1"]
[SourceVersionDate "2023.10.10"]
[SourceQuality "1"]

1. e4 c5 2. Nf3 e6 3. d4 cxd4 4. Nxd4 a6 5. Nc3 Qc7 6. Bd3 Nf6 7. 0-0 b5 8. Qe1 d6 9. Kh1 Be7 10. f4 Nbd7 11. f5 e5 12. Nb3 Bb7 13. a4 b4 14. Nd1 0-0 15. a5 d5 16. Nf2 dxe4 17. Nxe4 Nxe4 18. Bxe4 Bxe4 19. Qxe4 Rac8 20. Rf2 Qc4 21. Qe2 Qxe2 22. Rxe2 Rc4 23. Be3 Rfc8 24. Rd1 Nf6 25. Rdd2 h6 26. Bb6 Bf8 27. Kg1 Re8 28. Kf1 Rf4+ 29. Ke1 Rxf5 30. Nc5 Bxc5 31. Bxc5 Rb8 32. Bb6 Rc8 33. Rd6 e4 34. Rd4 e3 35. Rd3 Nd5 36. Bxe3 Nxe3 37. Rdxe3 Rxa5 38. Re8+ Rxe8 39. Rxe8+ Kh7 40. Kd2 f5 41. Re6 Ra1 42. h3 a5 43. b3 Rg1 44. Re2 Kg6 45. Ke3 Rd1 46. Kf4 Kf6 47. Kg3 Rc1 48. Kf3 g5 49. g3 h5 50. Kg2 f4 51. gxf4 gxf4 52. Kf3 Kf5 53. Kg2 h4 54. Kf2 Rd1 55. Kg2 Rd5 56. Kf2 Rd6 57. Kf3 Rg6 58. Rd2 Rg3+ 59. Kf2 Rxh3 60. Rd5+ Ke4 61. Rxa5 Rh2+ 62. Kg1 Rxc2 63. Rb5 Kf3 64. Rxb4 Kg3 65. Kf1 f3 66. Ke1 f2+ 67. Kd1 Ra2 0-1

[Event "Elitzur Int Online"]
[Site "Chess.com INT"]
[Date "2020.11.01"]
[Round "8"]
[White "Olshtynsky, Oleksiy"]
[Black "Budyi, Danylo"]
[Result "1-0"]
[WhiteElo "1369"]
[BlackElo "1702"]
[PlyCount "137"]
[EventDate "2020.11.01"]
[EventType "swiss (blitz)"]
[EventRounds "11"]
[EventCountry "ISR"]
[SourceTitle "CBM 199 Extra"]
[Source "ChessBase"]
[SourceDate "2021.01.31"]
[SourceVersion "1"]
[SourceVersionDate "2021.01.31"]
[SourceQuality "1"]

1. e4 e6 2. d4 d5 3. Nc3 Nf6 4. Bg5 Be7 5. e5 Nfd7 6. h4 h6 7. Bxe7 Qxe7 8. Qg4 g6 9. Bd3 h5 10. Qg3 c5 11. Nb5 Na6 12. Nd6+ Kf8 13. Qf4 Kg7 14. Nf3 cxd4 15. Qxd4 Nac5 16. Nxc8 Nxd3+ 17. Qxd3 Rhxc8 18. 0-0-0 Nc5 19. Qe3 Ne4 20. Kb1 Qc5 21. Qxc5 Rxc5 22. Rhf1 Rac8 23. c3 b5 24. Nd2 Nxd2+ 25. Rxd2 a5 26. f4 Rc4 27. Rd4 Rxd4 28. cxd4 Rc4 29. Rd1 Kf8 30. Rd3 Ke7 31. b3 Rc6 32. Kb2 b4 33. a3 Kd7 34. Rd1 Kc7 35. axb4 axb4 36. Ra1 Rc3 37. Ra7+ Kb6 38. Rxf7 Rg3 39. Rf6 Rxg2+ 40. Kc1 Rg1+ 41. Kd2 Rg2+ 42. Ke1 Rg4 43. Rxe6+ Kc7 44. Rf6 Rxh4 45. Kf2 Rg4 46. Kf3 Rg1 47. Rd6 Rb1 48. Rxd5 Rxb3+ 49. Ke4 Rb1 50. Rc5+ Kd7 51. Kd5 Re1 52. Rb5 h4 53. Rxb4 h3 54. Rb2 Rf1 55. Rh2 Rf3 56. Ke4 Rg3 57. Kd5 Ra3 58. Rb2 Ra5+ 59. Ke4 Ra3 60. Rb7+ Kc6 61. Rh7 Rg3 62. d5+ Kc5 63. d6 Rg1 64. Rxh3 Re1+ 65. Re3 Rf1 66. d7 Rd1 67. Rd3 Re1+ 68. Kf3 Ra1 69. d8Q 1-0